000 00301nam a2200109 4500
008 160630b xxu||||| |||| 00| 0 eng d
100 _91584
_a Zehra Shervani, et al
245 _aWorking with Sounds Phonics
260 _aN.D
_bSterling
_c2003
300 _aWorking with Sounds Phonics
942 _2ddc
_cBK
999 _c1312
_d1312